History of Ancient Rome. Part II, V century BC - Statistics

General Stats
  • This quiz has been taken 259 times
  • The average score is 6 of 15
Answer Stats
Hint Answer % Correct
The most important republican official, there were two of them for each year. Consul
96%
Privileged, high class families in Ancient Rome. Patricians
88%
Extraordinary official, appointed normally for 6 months, only during danger periods for Roman Republic. Dictator
73%
More numerous, but less wealthy class in Ancient Rome. Plebeians
60%
Their task was to protect laws of the lower class people. Tribune of the People
60%
Magistrate, who was responsible for calculating population informations and preparation list of senatores. Censor
51%
Famous example of the offcial from the above, legends says that he gained full power while plowing the field. Lucius Quinctius Cincinnatus
41%
Lower rank roman magistrate usually realted to financial tasks. Quaestor
37%
Primary objectives of this official were maintenance of public buildings and organisations of festivals Aedile
31%
Codex from 449 BC, recognized as the foundation of the Roman Law The Laws of Twelve Tables
24%
Interpreting omens from the bird observation. Augury
19%
Legendary Roman general, enemy of privileges for lower class, he unsuccesfully sieged Rome. Known from Shakespearan tragedy. Gnaeus Marcius Coriolanus
17%
Official responsible for commanding army and judicary. Pretor
12%
Group of 10 officials responsible for this codex. Decemviri
5%
Interpreting omens from entrails of sacrificed animals. Haruspicy
3%
No matching quizzes found
Score Distribution
Percent of People with Each Score
Percentile by Number Answered
Your Score History
You have not taken this quiz